| 000 | 01211nam a2200313 c 4500 | ||
|---|---|---|---|
| 003 | BLK | ||
| 005 | 20180420220018.0 | ||
| 008 | 180413b bul|||||r ||||||| ||bul|| | ||
| 010 | _aKNG00028028000 | ||
| 020 |
_a954-9513-45-9 _bиздат.: Мириам |
||
| 040 | _aBLK | ||
| 041 |
_aBUL _cBUL |
||
| 080 |
_aВътрешна политика. Вж и 329 _b323 _x(470)(092) _z323(470)(092) |
||
| 080 |
_aРуски президент _b929 Елцин, Борис Николаевич _x _z929 Елцин, Борис Николаевич |
||
| 100 | 1 |
_aПопцов, Олег _eпърви автор _9112591 |
|
| 139 |
_aПопцов, Олег _bП 78 |
||
| 245 | 1 | 0 |
_aМосква, Кремъл, 90-те _bХроника на времето на "цар Борис" : Кн. 1 - _cОлег Попцов. _nКн. 1 |
| 257 | _aRUS | ||
| 260 |
_аСофия _bМириам _c1999 |
||
| 300 | _c20 см | ||
| 380 | _a3 | ||
| 600 | 1 | 4 |
_aЕлцин, Борис Николаевич _9266340 |
| 760 | 1 |
_aПопцов, Олег _d1999 _h360 с. : с портр. _tКн. 1 |
|
| 852 | _aЦб 201478 | ||
| 856 | 4 |
_qpdf _u |
|
| 856 | 4 |
_qpdf _u |
|
| 942 |
_cKNG _n0 |
||
| 944 |
_aCR _c15.01.2003 _kГрета_Цуфелде |
||
| 944 |
_aED _c15.07.2014 _k |
||
| 999 |
_c25487 _d25487 |
||